000 00883cab a2200277 4500
001 ABS58892
008 090401t1998 xxu||||| |||| 00| 0 eng d
035 _a(Sirsi) u87064
041 _aeng
100 _aEdwards, S.
245 _aHousing for the community
260 _c1998
350 _a0
490 _aMunicipal Journal
_v12 June 1998, 25-26(2)
520 _aDiscusses the new guidance on housing strategies for local authorities issued by the Department of the Environment, Transport and the Regions and, the good-practice guide from the Chartered Institute of Housing and the Local Government Association.
650 _aBEST VALUE
650 _aCONSULTATION
650 _aEVALUATION
650 _aHOUSING STRATEGY
650 _aLOCAL AUTHORITIES
650 _aSPENDING
650 _aSTRATEGIES
690 _aHOUSING
942 _n0
948 _c26/06/1998
999 _c54860
_d54860